| 000 | 00446cam a2200181ua 4500 | ||
|---|---|---|---|
| 001 | 6760 | ||
| 008 | 140311n ii |||gr||||Z||||||eng | ||
| 040 | _cMAIN | ||
| 082 | _a338.7 | ||
| 245 |
_aManagerial economics _cBy P.L. Mehta |
||
| 250 | _a2nd rev. ed. | ||
| 260 |
_aNew delhi: _bSultan chand & sons, _c1987. |
||
| 300 | _ax,9.1p. | ||
| 653 | _aProduction | ||
| 653 | _aManagerial economics | ||
| 700 |
_aMehta,P.L., _eAuthor., |
||
| 942 | _cBK | ||
| 999 |
_c5908 _d5908 |
||